Karikó Katalin távirata Karikó Jánoshoz

Elmentve itt :
Bibliográfiai részletek
Szerző: Karikó Katalin
Dokumentumtípus: Kézirat
Megjelent: 1974
Kulcsszavak:Levelezés - Karikó Katalin - Karikó János
Online Access:http://misc.bibl.u-szeged.hu/71025
LEADER 00629ntm a2200169 i 4500
001 misc71025
005 20240523151519.0
008 230201s1974 hu o 000 hun d
040 |a SZTE Miscellanea Repozitórium  |b hun 
041 |a hun 
100 1 |a Karikó Katalin 
245 1 0 |a Karikó Katalin távirata Karikó Jánoshoz  |h [elektronikus dokumentum] /  |c  Karikó Katalin 
260 |c 1974 
300 |a [1] fol. + 1 boríték  |c 14,5 x 21 cm 
561 |a Karikó Katlin gyűjtemény 
695 |a Levelezés - Karikó Katalin - Karikó János 
856 4 0 |u http://misc.bibl.u-szeged.hu/71025/1/kariko_katalin_levelezes_002.pdf  |z Dokumentum-elérés